000 01131nam a2200253Ia 4500
003 Ost
005 20260507075414.0
008 260507s9999||||xx |||||||||||||| ||und||
020 _a53587569579
040 _cfsecg
041 _aara
082 _a330
100 _aالبنا، حسين موسي قاسم
_eمؤلف
245 0 _aاستراتيجية التمكين التنظيمي لتعزيز فاعلية عمليات إدارة المعرفة /
_c حسين موسي قاسم البنا
260 _aعمان:
_bدار الايام,
_c2015
300 _a265 صفحة؛
_bإيضاحات ؛
_c25 سم
504 _aالمراجع ص.251
520 _a-الاطار العام للدراسة -الاطار النظري والدراسات السابقة -الطريقة والاجراءات -نتائج التحليل واختيار الفرضيات -مناقشة النتائج والتوصيات .
653 _aالإدارة العلمية
653 _aتقنيات الإدارة
653 _aتنظيم وإدارة
700 _aالخفاجي، نعمة عباس
_eمؤلف ثانوي
942 _cكتاب
999 _c44440
_d44440